000 00433nam a2200145Ia 4500
008 211109s9999||||xx |||||||||||||| ||und||
082 _a891.43
_bCHA-S
100 _aChathoobhav Samoriya,
245 0 _aSamagika Avam Pragathiya Phogol
260 _bMedia World Communications
_aNo 109
_c1900
300 _axi,38
630 _xGeneral stack
650 _aHindi Literature
_vhindi study
_xLiterature & rhetoricGeneralia
942 _cBOOK
999 _c48720
_d48720